| 000 | 00374nam a2200145Ia 4500 | ||
|---|---|---|---|
| 008 | 230917s9999||||xx |||||||||||||| ||und|| | ||
| 040 |
_e81423 _aMAIN |
||
| 041 | _aEnglish | ||
| 082 | _a340.115 S64R | ||
| 100 | _aSingh, Shyama Nand | ||
| 245 | 0 | _aReservation: problems and prospects | |
| 260 |
_aNew Delhi _bUppal Publishing _c1991 |
||
| 300 | _axiii, 288 p. | ||
| 942 | _cBK | ||
| 999 |
_c70535 _d70535 |
||